Proces tvorby a implementácie dizajnu distribučného kanála

Úloha a význam vytvárania optimálnej štruktúry distribučného kanála. Vymedzenie podstaty dizajnu distribučného kanála a charakteristika procesu jeho tvorby, ako aj implementácie. Postavenie a moc jednotlivých účastníkov distribučného kanála a z toho vyplývajúce konflikty medzi nimi.

Salvato in:
Dettagli Bibliografici
Autore principale: Daňo, Ferdinand, 1959-
Altri autori: Kita, Pavol
Natura: Capitolo di libro
Lingua:slovacco
Soggetti:
Tags: Aggiungi Tag
Nessun Tag, puoi essere il primo ad aggiungerne!!

MARC

LEADER 00000naa$a2200000$$$4500
001 0008356
005 20240502071353.0
041 0 |a slo 
044 |a SK 
245 1 0 |a Proces tvorby a implementácie dizajnu distribučného kanála  |c Ferdinand Daňo, Pavol Kita 
520 |a Úloha a význam vytvárania optimálnej štruktúry distribučného kanála. Vymedzenie podstaty dizajnu distribučného kanála a charakteristika procesu jeho tvorby, ako aj implementácie. Postavenie a moc jednotlivých účastníkov distribučného kanála a z toho vyplývajúce konflikty medzi nimi. 
610 2 0 |a dizajn 
610 2 0 |a kanály distribučné 
610 2 0 |a konflikty 
610 2 0 |a kooperácia 
610 2 0 |a distribúcia 
100 1 |a Daňo, Ferdinand, 1959- 
700 1 |a Kita, Pavol